[Event "World op 32nd"]
[Site "Philadelphia"]
[Date "2004.07.06"]
[Round "9"]
[White "Bakker, Joshua"]
[Black "Filipovich, David"]
[Result "1-0"]
[WhiteElo "2133"]
[BlackElo "2210"]
[PlyCount "81"]
[EventDate "2004.07.01"]
[EventType "swiss"]
[EventRounds "9"]
[EventCountry "USA"]
[SourceTitle "CBM 101 Extra"]
[Source "ChessBase"]
[SourceDate "2004.09.01"]
[SourceVersion "2"]
[SourceVersionDate "2004.09.01"]
[SourceQuality "1"]

1. e4 c6 2. d4 d5 3. Nc3 dxe4 4. Nxe4 Nf6 5. Ng3 g6 6. Bc4 Bg7 7. N1e2 Nbd7 8. Bb3 a5 9. a3 a4 10. Ba2 b5 11. h4 Nb6 12. h5 Nbd5 13. c3 Qb6 14. Nf4 Nxf4 15. Bxf4 Nd5 16. Bxd5 cxd5 17. Qe2 Ba6 18. hxg6 hxg6 19. Rxh8+ Bxh8 20. Qe3 Rc8 21. Ne2 Rc6 22. Qh3 Bf6 23. Be3 b4 24. axb4 Qb5 25. Qf3 Re6 26. Rd1 Bg5 27. Rd2 Bf6 28. Kf1 Qc4 29. Kg1 Qa2 30. Nf4 Re4 31. g3 Bc4 32. Qd1 a3 33. bxa3 Qxa3 34. Qc2 Qa6 35. Rd1 Qc8 36. Qd2 Bg5 37. Ng2 Qf5 38. Bxg5 Re2 39. Qf4 Qh3 40. Rc1 e5 41. Qf6 1-0

[Event "Vermont CCA/ICC op"]
[Site "Stratton Mountain"]
[Date "2004.06.08"]
[Round "1"]
[White "Bakker, Joshua"]
[Black "Winer, Steven"]
[Result "0-1"]
[WhiteElo "2114"]
[BlackElo "2335"]
[PlyCount "66"]
[EventDate "2004.06.08"]
[EventType "swiss"]
[EventRounds "10"]
[EventCountry "USA"]
[SourceTitle "CBM 100 Extra"]
[Source "ChessBase"]
[SourceDate "2004.07.06"]
[SourceVersion "2"]
[SourceVersionDate "2004.07.06"]
[SourceQuality "1"]

1. e4 c5 2. Nc3 a6 3. Nf3 d6 4. d4 cxd4 5. Nxd4 Nf6 6. Be2 e5 7. Nb3 Be7 8. 0-0 0-0 9. f4 b5 10. Bf3 Bb7 11. a3 Nbd7 12. Qe2 Rc8 13. Be3 Nb6 14. Na5 Ba8 15. Qf2 Nbd7 16. Nb3 Rxc3 17. bxc3 Nxe4 18. Bxe4 Bxe4 19. Rad1 Qc7 20. fxe5 dxe5 21. Rd2 Bg6 22. Qe1 Rc8 23. Bf2 Nf8 24. Bg3 f6 25. Rf3 a5 26. Qf1 a4 27. Qxb5 axb3 28. cxb3 Qa7+ 29. Kf1 Be4 30. Bf2 Qxa3 31. Re3 Qa8 32. Be1 Bb7 33. c4 Bc6 0-1